5 Scenes, 1 Actor! V Quiz Stats

 Plays Quiz Updated Dec 3, 2016

Support Sporcle.
Go Orange.
Score 0/22 Timer 07:00
0 Plays Today
% Correct
Vin Diesel
92.2%
Mike Myers
90.6%
Mel Gibson
76.7%
Margot Robbie
76.4%
Benedict Cumberbatch
75.2%
Halle Berry
74.7%
Ewan McGregor
72.8%
Ben Kingsley
72.6%
Billy Crystal
72.4%
Michelle Pfeiffer
65.9%
Jeremy Irons
64%
% Correct
Ricky Gervais
63.5%
Sean Connery
62.7%
Amy Poehler
60%
Matthew McConaughey
56.4%
Willem Dafoe
55.5%
Kristen Wiig
55.1%
Jason Bateman
54.4%
Idris Elba
53.1%
John C. Reilly
51.8%
Christoph Waltz
50.5%
Renée Zellweger
48.8%

You're not logged in!

Compare scores with friends on all Sporcle quizzes.
OR
Log In

From the Vault

Biggest North American Cities on Rivers

by geowiz85

This is a great quiz for just floatin' along.
Remove Ads.
Support Sporcle.
Get the best of Sporcle when you Go Orange. This ad-free experience offers more features, more stats, and more fun while also helping to support Sporcle. Thank you for becoming a member.

Show Comments

Extras

Top Quizzes Today


Score Distribution

Your Account Isn't Verified!

In order to create a playlist on Sporcle, you need to verify the email address you used during registration. Go to your Sporcle Settings to finish the process.

Report this User

Report this user for behavior that violates our Community Guidelines.

Details: